Fr. Conceicao Rodrigues College of Engineering

IBM PC Peripheral trouble shooting & repair (Record no. 22424)

MARC details
000 -LEADER
fixed length control field 00299nam a2200133Ia 4500
082 ## - DEWEY DECIMAL CLASSIFICATION NUMBER
Classification number 4.16
100 ## - MAIN ENTRY--PERSONAL NAME
Personal name Brooks/ C.J.
245 ## - TITLE STATEMENT
Title IBM PC Peripheral trouble shooting & repair
260 ## - PUBLICATION, DISTRIBUTION, ETC.
Name of publisher, distributor, etc. Howard W. Sams + Co
Place of publication, distribution, etc. USA
Date of publication, distribution, etc. 1987
546 ## - LANGUAGE NOTE
Language note ENGLISH
654 ## - SUBJECT ADDED ENTRY--FACETED TOPICAL TERMS
Focus term Computer
942 ## - ADDED ENTRY ELEMENTS (KOHA)
Koha item type BOOK
Holdings
Withdrawn status Lost status Damaged status Not for loan Collection Home library Current library Date acquired Cost, normal purchase price Total Checkouts Full call number Barcode Date last seen Cost, replacement price Price effective from Koha item type
        CRC Fr. Agnel's C.Rodrigues College of Engineering Fr. Agnel's C.Rodrigues College of Engineering 17/03/2023 250.00   4.16 4927 17/03/2023 250.00 17/03/2023 BOOK